000
00187 a2200097 4500
001
10059
100
_a
Lacouture, J
245
_a
Vietnam:
260
_a
_b
Secker
_c
090
_c
7811
_d
7811
942
_a
NUST-CAE
_c
M
_c
34502
999
_c
245132
_d
245132